000 00444nam a2200181Ia 4500
001 23888
005 20260414151007.0
008 260414t2013||||xx |||||||||||||| ||spa||
041 _aESP
082 _a720.8
_bP23
100 _aPanero, Julius
_eAUT
245 0 _aLas dimensiones humanas en los espacios interiores
_b
260 _c2013
300 _a320 páginas :
_c30 cm.
650 _aABD
654 _aCAU
942 _cLIB
_dJUS
_fJUS
_2ddc
_n
999 _c23888
_d23888